The Economic Analysis of Rent Seeking
Salvato in:
| Altri autori: | , |
|---|---|
| Natura: | Libro |
| Lingua: | inglese |
| Pubblicazione: |
Aldershot
An Elgar Reference Collection
1995
|
| Soggetti: | |
| Tags: |
Nessun Tag, puoi essere il primo ad aggiungerne!!
|
MARC
| LEADER | 00000nam a2200000 4500 | ||
|---|---|---|---|
| 001 | 0282917 | ||
| 005 | 20240416113606.4 | ||
| 020 | |a 1-85898-005-4 | ||
| 041 | 0 | |a eng | |
| 044 | |a GB | ||
| 245 | 1 | 0 | |a The Economic Analysis of Rent Seeking |c edited by Robert D. Tollison and Roger D. Congleton |
| 264 | 1 | |a Aldershot |b An Elgar Reference Collection |c 1995 | |
| 300 | |a xix, 397 s. | ||
| 610 | 2 | 0 | |a renta |
| 610 | 2 | 0 | |a teórie ekonomické |
| 610 | 2 | 0 | |a analýza ekonomická |
| 610 | 2 | 0 | |a konkurencia |
| 700 | 1 | |a Tollison, Robert D. | |
| 700 | 1 | |a Congleton, Roger D. | |